|
|
|
|
| LEADER |
00000nam0a2200000 4500 |
| 001 |
269423 |
| 005 |
20231101234243.0 |
| 010 |
|
|
|b 500 экз.
|
| 035 |
|
|
|a (RuTPU)RU\TPU\book\292598
|
| 090 |
|
|
|a 269423
|
| 100 |
|
|
|a 20140918d1930 m y0rusy50 ca
|
| 101 |
0 |
|
|a rus
|
| 102 |
|
|
|a RU
|
| 105 |
|
|
|a a z 000zy
|
| 200 |
1 |
|
|a Печи без свода для обжига кирпича
|f И. Ф. Пономарев
|
| 210 |
|
|
|a Новосибирск
|d 1930
|
| 215 |
|
|
|a 8 с.
|c ил.
|
| 300 |
|
|
|a Отдельный оттиск из журнала "За Индустриализацию Сибири",1930 г., №1 (4), январь.
|
| 606 |
1 |
|
|a Кирпичеобжегательные печи
|2 stltpush
|3 (RuTPU)RU\TPU\subj\35045
|9 56833
|
| 610 |
1 |
|
|a силикатная промышленность
|
| 610 |
1 |
|
|a силикатное производство
|
| 610 |
1 |
|
|a черепица
|
| 610 |
1 |
|
|a обжиг
|
| 610 |
1 |
|
|a обжиг кирпичей
|
| 610 |
1 |
|
|a обжигательные печи
|
| 610 |
1 |
|
|a коллекция ТПУ
|
| 610 |
1 |
|
|a труды учёных ТПУ
|
| 675 |
|
|
|a 666.71.04
|v 3
|
| 700 |
|
1 |
|a Пономарев
|b И. Ф.
|c российский физико-химик, один из основателей науки о силикатах
|c профессор ТТИ
|f 1882-1982
|g Иван Федорович
|2 stltpush
|3 (RuTPU)RU\TPU\pers\21876
|
| 801 |
|
1 |
|a RU
|b 63413507
|c 20140918
|
| 801 |
|
2 |
|a RU
|b 63413507
|c 20201203
|g RCR
|
| 942 |
|
|
|c BK
|